Hamlet - traducido por Joaquín Gutiérrez -

Đã lưu trong:
Chi tiết về thư mục
Tác giả chính: Shakespeare, William
Định dạng: Sách
Ngôn ngữ:Undetermined
Được phát hành: San José, Costa Rica Universidad de Costa Rica 1993
Những chủ đề:
Các nhãn: Thêm thẻ
Không có thẻ, Là người đầu tiên thẻ bản ghi này!

MARC

LEADER 00000nam a2200000Ia 4500
008 170316s9999 xx 000 0 und d
040 |a cru BVZT 
090 |a 820 S-5h 
100 |a Shakespeare, William 
245 |a Hamlet - traducido por Joaquín Gutiérrez - 
260 |a San José, Costa Rica 
260 |b Universidad de Costa Rica 
260 |c 1993 
300 |a 122 páginas 
650 |a LITERATURA INGLESA 
999 |c 7119  |d 7119 
942 |c 15 D  |h 820 S-5h  |2 z